[Event "Vaujany op-B 8th"]
[Site "Vaujany"]
[Date "2017.07.17"]
[Round "5.2"]
[White "De Muyser, Xavier"]
[Black "Dreyfus, Jacques"]
[Result "1-0"]
[WhiteElo "1751"]
[BlackElo "1712"]
[PlyCount "65"]
[EventDate "2017.07.13"]
[EventType "swiss"]
[EventRounds "9"]
[EventCountry "FRA"]
[SourceTitle "EXT 2020"]
[Source "ChessBase"]
[SourceDate "2019.10.17"]
[SourceVersion "1"]
[SourceVersionDate "2019.10.17"]
[SourceQuality "1"]

1. e4 e5 2. Bc4 Nf6 3. d3 Nc6 4. Nf3 Bc5 5. 0-0 d6 6. Nc3 Bg4 7. h3 Bh5 8. Bg5 h6 9. Bxf6 gxf6 10. Ne2 Rg8 11. Kh2 Bxf3 12. gxf3 Qd7 13. c3 0-0-0 14. b4 Bb6 15. Qb3 Rdf8 16. Ng3 Nd8 17. a4 c6 18. a5 Bc7 19. b5 c5 20. b6 Bb8 21. a6 Nc6 22. bxa7 Nxa7 23. axb7+ Kd8 24. Rxa7 Bxa7 25. b8Q+ Bxb8 26. Qxb8+ Qc8 27. Qxd6+ Qd7 28. Qxf6+ Kc8 29. Ra1 Rg6 30. Ba6+ Kc7 31. Qxe5+ Kd8 32. Qxc5 Rfg8 33. Bb5 1-0

[Event "Saint Affrique op 22nd"]
[Site "Saint Affrique"]
[Date "2014.07.25"]
[Round "8"]
[White "Cellier Valencia, Baptiste"]
[Black "De Muyser, Xavier"]
[Result "0-1"]
[WhiteElo "1347"]
[BlackElo "1723"]
[PlyCount "142"]
[EventDate "2014.07.19"]
[EventType "swiss"]
[EventRounds "9"]
[EventCountry "FRA"]
[SourceTitle "CBM 161 Extra"]
[Source "ChessBase"]
[SourceDate "2014.08.29"]
[SourceVersion "1"]
[SourceVersionDate "2014.08.29"]
[SourceQuality "1"]

1. d4 g6 2. e4 d6 3. Bc4 Nf6 4. Nc3 Bg7 5. Nf3 Bg4 6. Be3 Nc6 7. h3 Bd7 8. e5 dxe5 9. dxe5 Ng8 10. Bf4 e6 11. Qd2 Qe7 12. 0-0 Qc5 13. Bb5 a6 14. Rad1 Rd8 15. Bxc6 Qxc6 16. Nd4 Qc5 17. Nb3 Qe7 18. Rfe1 Bc6 19. Qe3 Rxd1 20. Rxd1 Qb4 21. Rd4 Qe7 22. Qd2 f6 23. exf6 Bxf6 24. Rd3 g5 25. Be3 b6 26. Nd4 Bb7 27. Qe2 h5 28. Nf3 g4 29. hxg4 hxg4 30. Nh2 g3 31. Ng4 Qh7 32. Bh6 Qf5 33. Be3 gxf2+ 34. Bxf2 Be7 35. Bd4 Rh4 36. Nf2 Qf4 37. g3 Qg5 38. Qxe6 Rh6 39. Qc4 c5 40. Nce4 Bxe4 41. Nxe4 Qc1+ 42. Kf2 Rh2+ 43. Kf3 Qh1+ 44. Kf4 Qf1+ 45. Nf2 Rxf2+ 46. Bxf2 Qxf2+ 47. Rf3 Qd2+ 48. Ke4 Nf6+ 49. Rxf6 Qe1+ 50. Kd3 Qxg3+ 51. Kd2 Bxf6 52. Qe6+ Be7 53. Qxb6 Qd6+ 54. Qxd6 Bxd6 55. Kc3 Kd7 56. Kc4 Kc6 57. c3 a5 58. a3 a4 59. b3 axb3 60. Kxb3 Kb5 61. c4+ Ka5 62. a4 Bg3 63. Kc3 Kxa4 64. Kc2 Bf2 65. Kd3 Kb3 66. Ke2 Kxc4 67. Kxf2 Kd3 68. Ke1 Kc2 69. Ke2 c4 70. Ke1 c3 71. Ke2 Kc1 0-1

[Event "Saint Affrique op 22nd"]
[Site "Saint Affrique"]
[Date "2014.07.20"]
[Round "2"]
[White "Carre, Sylvain"]
[Black "De Muyser, Xavier"]
[Result "1/2-1/2"]
[WhiteElo "2172"]
[BlackElo "1723"]
[PlyCount "66"]
[EventDate "2014.07.19"]
[EventType "swiss"]
[EventRounds "9"]
[EventCountry "FRA"]
[SourceTitle "CBM 161 Extra"]
[Source "ChessBase"]
[SourceDate "2014.08.29"]
[SourceVersion "1"]
[SourceVersionDate "2014.08.29"]
[SourceQuality "1"]

1. d4 f5 2. g3 d6 3. c4 e5 4. dxe5 dxe5 5. Qxd8+ Kxd8 6. Nc3 Nf6 7. Bg5 c6 8. Nf3 Bd6 9. Bh3 Rf8 10. c5 Bxc5 11. Nxe5 Be7 12. 0-0 Ng4 13. Rfd1+ Ke8 14. Bxe7 Kxe7 15. Nxg4 fxg4 16. Bg2 Nd7 17. b4 Ne5 18. Rd4 Bd7 19. Re4 Kf6 20. Rf4+ Ke6 21. Rxf8 Rxf8 22. Ne4 Ke7 23. Nc5 Bc8 24. Be4 g6 25. Kf1 Rd8 26. Ke1 Rd4 27. Rd1 Rxb4 28. Bb1 Bf5 29. Bxf5 gxf5 30. Nb3 Ra4 31. Nc5 Rb4 32. Nb3 Ra4 33. Nc5 Rb4 1/2-1/2

[Event "Cap d'Agde CCAS op"]
[Site "Cap d'Agde"]
[Date "2010.10.27"]
[Round "4"]
[White "De Muyser, Xavier"]
[Black "Leriche, Ines"]
[Result "0-1"]
[WhiteElo "1690"]
[BlackElo "1565"]
[PlyCount "34"]
[EventDate "2010.10.23"]
[EventType "swiss"]
[EventRounds "7"]
[EventCountry "FRA"]
[SourceTitle "EXT 2012"]
[Source "ChessBase"]
[SourceDate "2011.11.24"]
[SourceVersion "1"]
[SourceVersionDate "2011.11.24"]
[SourceQuality "1"]

1. e4 c6 2. Nc3 d5 3. Nf3 dxe4 4. Nxe4 Bf5 5. Ng3 Bg6 6. Ne5 Qa5 7. Nxg6 hxg6 8. Be2 Nf6 9. 0-0 e6 10. Re1 Bd6 11. d4 Nbd7 12. c4 Bxg3 13. fxg3 0-0-0 14. b4 Qxb4 15. Rb1 Qxb1 16. Qa4 Qb6 17. c5 Nxc5 0-1